Classic Computer Science Problems in Python
Saved in:
| Main Author: | |
|---|---|
| Format: | Book |
| Published: |
Manning Pub.
|
| Tags: |
No Tags, Be the first to tag this record!
|
MARC
| LEADER | 00000nam a2200000Ia 4500 | ||
|---|---|---|---|
| 005 | 20260513122053.0 | ||
| 020 | |a 9781617295980 | ||
| 100 | |a Kopec | ||
| 365 | |||
| 365 | |b 20.00 | ||
| 942 | |c BK | ||
| 245 | |a Classic Computer Science Problems in Python | ||
| 260 | |b Manning Pub. | ||
| 999 | |c 82 |d 82 | ||
| 952 | |0 0 |1 0 |4 0 |7 0 |a UNSW |b UNSW |d 2026-05-06 |g 39.99 |i 16684 |l 0 |p 000127 |r 2026-05-13 12:20:53 |v 39.99 |w 2026-05-13 |y BK | ||